000 00504nam a2200217Ia 4500
003 0100
008 130227s9999 xx 000 0 und d
020 _a0198720866
040 _cARRUPELIB
050 _aB438.A5A3
100 _aAristotle
245 _aCategories and De interpretatione
260 _aOxford
260 _bClarendon Press
260 _C1963
300 _avi
300 _b 162p 22cm
440 _aClarendon Aristotle series
700 _aAckrill, J. L. (tr)
942 _2lcc
_08
999 _c2524
_d2524